Responses for show #2619 - Thursday, January 11, 1996

Barbara Walker game 2.

Contestants

Susan Goldsamt, a training specialist from Silver Spring, Maryland

Glenn Jessee, an attorney from Washington, D.C.

Barbara Walker, an elementary school principal from Westminster, Maryland (whose 1-day cash winnings total $13,400)

Jeopardy! Round responses

MAMMALS
TV BARS & RESTAURANTS
GEMS & JEWELRY
WORLD CITIES
INVENTORS
HODGEPODGE
    $100 2
Elephant

Susan
    $100 26
"The Simpsons"

Glenn
    $100 1
Paris

Susan
    $100 11
San Juan

Glenn
    $100 16
Organ

Susan
    $100 20
(B: What is a griffin?)

Dragon

BarbaraSusan
    $200 3
Manatees

Susan
    $200 27
"Northern Exposure"

Barbara
    $200 7
Emeralds

Susan
    $200 12
Salzburg

Susan
    $200 17
King Gillette

Glenn
    $200 22
Pop-Tarts

Glenn
    $300 4
Orangutan

Susan
    $300 28
(S: What is "Murphy Brown?")

"Love And War"

GlennSusan
    $300 8
Diamond

Glenn
    $300 13
Kingston

Glenn
    $300 18
(G: Who is Goodrich?)
(S: Who is Firestone?)

Charles Goodyear

BarbaraGlennSusan
    $300 23
Barometer

Susan
    $400 5
Aardvarks

Triple Stumper
    $400 29
"Frasier"

Glenn
    $400 9
Blue

Barbara
    $400 14
Riyadh

Glenn
    $400 19
(G: What is white-out?)
(A: Be more specific..)

Liquid Paper

Glenn
    $400 24
Unification Church

Glenn
    $500 6
Madagascar

Susan
    $500 30
"Roseanne"

Barbara
    $500 10
Topaz

Triple Stumper
    $500 15
Saigon (Ho Chi Minh City)

Susan
    $600 21
Charles McIntosh

Susan
    $500 25
Charles Dickens

Glenn

Scores at the first commercial break (after clue 15):

Barbara Glenn Susan
$400 $1,100 $2,100

Scores at the end of the Jeopardy! Round:

Barbara Glenn Susan
$1,300 $3,300 $2,600

Double Jeopardy! Round responses

THE 16TH CENTURY
(ooh!)
FAMOUS MARGARETS
THE MISSISSIPPI
HOLIDAYS & OBSERVANCES
ART
POETS
(no favoritism in the categories for our players!)
    $200 8
The Spanish Armada

Glenn
    $200 13
Margaret Thatcher

Glenn
    $200 19
Minneapolis & St. Paul

Barbara
    $200 15
St. Patrick's Day

Glenn
    $200 3
Diego Rivera

Glenn
    $200 1
(A: "I think that I shall never see....." by the lovely Joyce Kilmer (glares into camera): I knew it was a guy!)

Joyce Kilmer

Triple Stumper
    $400 9
Incas

Glenn
    $400 14
Margaret Truman

Susan
    $400 27
(G: What is Ohio?)

Iowa

GlennSusan
    $400 22
Louisiana

Susan
    $1,900 4
The Medicis

Glenn
    $400 2
Carl Sandburg

Glenn
    $600 10
Circumnavigate the globe

Barbara
    $600 16
Margaret O' Brien

Susan
    $600 28
Levee

Susan
    $600 23
June 6

Glenn
    $600 5
Stabiles

Glenn
    $600 20
Robert Burns

Barbara
    $800 11
Swiss Confederation

Barbara
    $800 17
Margaret Bourke-White

Barbara
    $800 29
"Grand Canyon Suite"

Barbara
    $800 24
Purim

Susan
    $800 6
Francisco Goya

Barbara
    $800 21
The Hesperus

Susan
    $1000 12
(Barbara: Who was Galileo?)

Nicolaus Copernicus

BarbaraGlenn
    $1000 18
Margaret Heckler

Glenn
    $4,500 30
(B: I'll wager $5,000)
(A: You can't wager $5,000)
(she had $4,900 up to this point)

Herbert Hoover

Barbara
    $1000 25
(B: Who is St. Elizabeth?)
(Susan, a minute to go...)

St. Anne

Barbara
Triple Stumper
    $1000 7
Christo

Glenn
    $1000 26
Rudyard Kipling

Barbara

Scores at the end of the Double Jeopardy! Round:

Barbara Glenn Susan
$9,400 $10,600 $6,600

[wagering suggestions for these scores]

Final Jeopardy! Round responses

GEOGRAPHY
SusanWhat is Great Britain Ireland?
$401
BarbaraWhat is Sicily
$3,000
GlennWhat is Ireland?
$8,201
Iceland

Final scores:

Barbara Glenn Susan
$6,400 $2,399 $6,199
2-day champion: $19,800 3rd place: Franchi Menotti Sports Watch 2nd place: Lloyd Flanders Wicker Furniture

Game dynamics:

Coryat scores:

Barbara Glenn Susan
$5,900 $9,100 $6,500
13 R
(including 1 DD),
3 W
24 R
(including 1 DD),
2 W
19 R
(including 1 DD),
2 W

Combined Coryat: $21,500

The J! Archive is created by fans, for fans. The Jeopardy! game show and all elements thereof, including but not limited to copyright and trademark thereto, are the property of Jeopardy Productions, Inc. and are protected under law. This website is not affiliated with, sponsored by, or operated by Jeopardy Productions, Inc. Join the discussion at JBoard.tv.